00560nam a22001697a 450000500170000001000150001702000270003203500140005903700100007308200100008310000180009324500870011126000430019827001230024130000200036476000060038420250514153242.0 aENG-144922 c1250.00a9788170007135 aEN-128454 bDBAD  a027.7 aKaushik, Anna aIntroduction to Research Methodology in EducationcBy Divya Sharma And ROli Tiwari aDarya GanjbEss Ess Publicationsc2014 aOpp. New Panchajanya Vidya Mandir, Near Tiranga Chowk, Kushalpur,RaipurbNew Delhie110002k2360807,41563444l41563334 axv 387pc23(hb) b1